Ahom rajatvat chikitsa seva : (Record no. 3372)

MARC details
000 -LEADER
fixed length control field 00539cam a2200193ua 4500
001 - CONTROL NUMBER
control field 3533
005 - DATE AND TIME OF LATEST TRANSACTION
control field 20260515113709.0
008 - FIXED-LENGTH DATA ELEMENTS--GENERAL INFORMATION
fixed length control field 131025n ii |||gr||||Z||||||asm
040 ## - CATALOGING SOURCE
Transcribing agency MAIN
082 ## - DEWEY DECIMAL CLASSIFICATION NUMBER
Classification number 954.162
100 ## - MAIN ENTRY--PERSONAL NAME
Personal name kataky, Ratan Kumar,
Relator term Author.
245 ## - TITLE STATEMENT
Title Ahom rajatvat chikitsa seva :
Remainder of title ati samiksha /
Statement of responsibility, etc. by Ratan Kumar Kataky
250 ## - EDITION STATEMENT
Edition statement 1st.
260 ## - PUBLICATION, DISTRIBUTION, ETC.
Place of publication, distribution, etc. Guwahati:
Name of publisher, distributor, etc. Institute of tai studies and research,
Date of publication, distribution, etc. 2006.
300 ## - PHYSICAL DESCRIPTION
Extent 128p:
Dimensions 23cm.
653 ## - INDEX TERM--UNCONTROLLED
Uncontrolled term History
653 ## - INDEX TERM--UNCONTROLLED
Uncontrolled term Ahom rajatvat chikitsa seva
942 ## - ADDED ENTRY ELEMENTS (KOHA)
Koha item type Books
Holdings
Withdrawn status Lost status Damaged status Not for loan Home library Current library Shelving location Date acquired Total checkouts Full call number Barcode Date last seen Copy number Price effective from Koha item type
        Naharkatiya College Library Naharkatiya College Library General stacks 09/19/2020   954.162 | KAT 16925 09/19/2020 1 09/19/2020 Books